[Event "Hessen-ch Seniors op 05th"]
[Site "Bad Sooden-Allendorf"]
[Date "2009.05.02"]
[Round "8"]
[White "Homes, Helmut"]
[Black "Wotschke, Claus"]
[Result "1/2-1/2"]
[WhiteElo "1583"]
[BlackElo "1472"]
[PlyCount "59"]
[EventDate "2009.04.25"]
[EventType "swiss"]
[EventRounds "9"]
[EventCountry "GER"]
[SourceTitle "EXT 2022"]
[Source "ChessBase"]
[SourceDate "2021.10.06"]
[SourceVersion "1"]
[SourceVersionDate "2021.10.06"]
[SourceQuality "1"]

1. e4 c6 2. d4 d5 3. Nc3 e6 4. Nf3 Bb4 5. Bd2 Bxc3 6. Bxc3 dxe4 7. Ne5 Nf6 8. g3 Nbd7 9. Nc4 Nb6 10. Nxb6 Qxb6 11. Bg2 Qb5 12. a4 Qf5 13. 0-0 Nd5 14. Bd2 Qg6 15. Re1 f5 16. c4 Nf6 17. Bb4 Kf7 18. a5 Rd8 19. Re2 Ng4 20. h3 Ne5 21. b3 Nd3 22. Bc3 h5 23. h4 Qh6 24. f3 Ne5 25. fxe4 Ng4 26. exf5 exf5 27. Qe1 Be6 28. Rd1 Re8 29. Qf1 Ne3 30. Bd2 1/2-1/2

[Event "Hessen-ch Seniors op 05th"]
[Site "Bad Sooden-Allendorf"]
[Date "2009.05.01"]
[Round "7"]
[White "Wotschke, Claus"]
[Black "Jobski, Werner"]
[Result "1/2-1/2"]
[WhiteElo "1472"]
[BlackElo "1621"]
[PlyCount "47"]
[EventDate "2009.04.25"]
[EventType "swiss"]
[EventRounds "9"]
[EventCountry "GER"]
[SourceTitle "EXT 2022"]
[Source "ChessBase"]
[SourceDate "2021.10.06"]
[SourceVersion "1"]
[SourceVersionDate "2021.10.06"]
[SourceQuality "1"]

1. d4 Nf6 2. c4 e5 3. dxe5 Ne4 4. Nf3 Bb4+ 5. Bd2 Nxd2 6. Nbxd2 Nc6 7. a3 Bxd2+ 8. Qxd2 Qe7 9. Qc3 b6 10. e3 Bb7 11. Be2 0-0-0 12. b4 Rde8 13. 0-0 Nxe5 14. Nxe5 Qxe5 15. Qxe5 Rxe5 16. Rad1 f5 17. Rd4 g5 18. Rfd1 d6 19. Bh5 Rf8 20. g3 Rf6 21. b5 Re4 22. Bf3 Rxd4 23. Bxb7+ Kxb7 24. Rxd4 1/2-1/2

[Event "Niedersachsen-ch Seniors op 11th"]
[Site "Bad Bevensen"]
[Date "2008.07.12"]
[Round "5"]
[White "Berg, Gerd"]
[Black "Wotschke, Claus"]
[Result "1-0"]
[WhiteElo "1427"]
[BlackElo "1436"]
[PlyCount "55"]
[EventDate "2008.07.08"]
[EventType "swiss"]
[EventRounds "9"]
[EventCountry "GER"]
[SourceTitle "EXT 2022"]
[Source "ChessBase"]
[SourceDate "2021.10.06"]
[SourceVersion "1"]
[SourceVersionDate "2021.10.06"]
[SourceQuality "1"]

1. c4 Nf6 2. Nc3 e6 3. d4 c6 4. Bd2 Qb6 5. Nf3 Qxb2 6. Rb1 Qa3 7. e4 d5 8. Rb3 Qe7 9. Bd3 dxc4 10. Bxc4 b5 11. Bd3 Bb7 12. 0-0 Qd8 13. e5 Nd5 14. Ne4 Be7 15. Qc1 Nd7 16. Rd1 h6 17. a4 a6 18. Qb1 g5 19. Nd6+ Bxd6 20. exd6 N7f6 21. Ne5 Qxd6 22. Bg6 Rf8 23. Rf3 Qe7 24. Ba5 Nf4 25. Bb4 c5 26. Bxc5 Qc7 27. Bxf8 fxg6 28. Rxf4 1-0

[Event "Hessen-ch Seniors op 04th"]
[Site "Bad Sooden-Allendorf"]
[Date "2008.05.02"]
[Round "9"]
[White "Garms, Ilse"]
[Black "Wotschke, Claus"]
[Result "0-1"]
[WhiteElo "1557"]
[BlackElo "1465"]
[PlyCount "68"]
[EventDate "2008.04.24"]
[EventType "swiss"]
[EventRounds "9"]
[EventCountry "GER"]
[SourceTitle "EXT 2022"]
[Source "ChessBase"]
[SourceDate "2021.10.06"]
[SourceVersion "1"]
[SourceVersionDate "2021.10.06"]
[SourceQuality "1"]

1. d4 d5 2. c4 c6 3. e3 Nf6 4. Nc3 Bf5 5. Nf3 Nbd7 6. h3 h6 7. Qb3 Qb6 8. Qd1 e6 9. Na4 Qc7 10. Bd2 Be7 11. b3 Ne4 12. Be2 0-0 13. Rc1 Nxd2 14. Nxd2 Qa5 15. 0-0 Nf6 16. Nf3 Ba3 17. Ra1 b5 18. Nc5 Bb2 19. cxb5 cxb5 20. Bd3 Bxa1 21. Qxa1 Bxd3 22. Nxd3 Rfc8 23. Nfe5 Ne4 24. b4 Qa3 25. Qb2 Qxb2 26. Nxb2 Rc2 27. Ned3 Rac8 28. a4 a6 29. axb5 axb5 30. Ra1 Nxf2 31. Ra5 Nxd3 32. Nxd3 R8c3 33. Ne1 Rb2 34. Rxb5 Rc1 0-1

[Event "Hessen-ch Seniors op 04th"]
[Site "Bad Sooden-Allendorf"]
[Date "2008.04.28"]
[Round "5"]
[White "Wiebke, Elfriede"]
[Black "Wotschke, Claus"]
[Result "0-1"]
[WhiteElo "1054"]
[BlackElo "1465"]
[PlyCount "72"]
[EventDate "2008.04.24"]
[EventType "swiss"]
[EventRounds "9"]
[EventCountry "GER"]
[SourceTitle "EXT 2022"]
[Source "ChessBase"]
[SourceDate "2021.10.06"]
[SourceVersion "1"]
[SourceVersionDate "2021.10.06"]
[SourceQuality "1"]

1. e4 e6 2. Nf3 d5 3. e5 c5 4. d4 cxd4 5. Nxd4 Bd7 6. g3 Ne7 7. Bg2 Qb6 8. 0-0 Ng6 9. Nf3 Bc6 10. Nbd2 Nd7 11. c4 Ndxe5 12. Nxe5 Nxe5 13. b3 Nd3 14. Qe2 Nxc1 15. Raxc1 Rd8 16. h4 Be7 17. Nf3 0-0 18. Ne5 Bf6 19. c5 Qc7 20. Nxc6 bxc6 21. f4 Rfe8 22. Qg4 Qa5 23. a4 Bd4+ 24. Kh2 Bxc5 25. f5 Rd6 26. Rf3 exf5 27. Qxf5 f6 28. Rcf1 Rde6 29. Qg4 Qd8 30. h5 Re4 31. Qf5 R8e5 32. Qh3 Qe8 33. Rf5 Rxf5 34. Bxe4 Rxh5 35. Qxh5 Qxh5+ 36. Kg2 dxe4 0-1

[Event "Hessen-ch Seniors op 04th"]
[Site "Bad Sooden-Allendorf"]
[Date "2008.04.25"]
[Round "2"]
[White "Wotschke, Claus"]
[Black "Richter, Hildegard"]
[Result "1/2-1/2"]
[WhiteElo "1465"]
[BlackElo "1614"]
[PlyCount "30"]
[EventDate "2008.04.24"]
[EventType "swiss"]
[EventRounds "9"]
[EventCountry "GER"]
[SourceTitle "EXT 2022"]
[Source "ChessBase"]
[SourceDate "2021.10.06"]
[SourceVersion "1"]
[SourceVersionDate "2021.10.06"]
[SourceQuality "1"]

1. d4 Nf6 2. Nf3 e6 3. Bg5 d5 4. e3 Be7 5. Bd3 Nbd7 6. c3 c5 7. Nbd2 b6 8. 0-0 Bb7 9. Re1 Ne4 10. Bxe7 Qxe7 11. Qc2 f5 12. Bb5 Nef6 13. Ne5 0-0 14. Ndf3 a6 15. Bxd7 Nxd7 1/2-1/2

[Event "Niedersachsen-ch Seniors op 10th"]
[Site "Bad Bevensen"]
[Date "2007.07.05"]
[Round "3"]
[White "Juckschat, Paul"]
[Black "Wotschke, Claus"]
[Result "0-1"]
[WhiteElo "1748"]
[BlackElo "1431"]
[PlyCount "62"]
[EventDate "2007.07.03"]
[EventType "swiss"]
[EventRounds "9"]
[EventCountry "GER"]
[SourceTitle "EXT 2022"]
[Source "ChessBase"]
[SourceDate "2021.10.06"]
[SourceVersion "1"]
[SourceVersionDate "2021.10.06"]
[SourceQuality "1"]

1. d4 d5 2. c4 e5 3. dxe5 d4 4. Nf3 Nc6 5. a3 a5 6. Bf4 Be6 7. e3 Bc5 8. exd4 Bxd4 9. Nxd4 Qxd4 10. Qxd4 Nxd4 11. Ra2 Bf5 12. Nd2 Nc2+ 13. Kd1 Rd8 14. Kc1 Nd4 15. Be3 Nc6 16. f4 f6 17. Nf3 Nh6 18. h3 Nf7 19. exf6 gxf6 20. Be2 0-0 21. Nh2 Bd3 22. b3 Rfe8 23. Bxd3 Rxd3 24. Bf2 Rxb3 25. Kc2 a4 26. Rd1 Re4 27. c5 Rxf4 28. Nf3 Nfe5 29. Nxe5 Rxf2+ 30. Rd2 Rxd2+ 31. Kxd2 fxe5 0-1

[Event "Hessen-ch Seniors op 02nd"]
[Site "Bad Sooden-Allendorf"]
[Date "2006.04.26"]
[Round "2"]
[White "Wotschke, Claus"]
[Black "Wiebke, Elfriede"]
[Result "1-0"]
[WhiteElo "1412"]
[BlackElo "1007"]
[PlyCount "67"]
[EventDate "2006.04.25"]
[EventType "swiss"]
[EventRounds "9"]
[EventCountry "GER"]
[SourceTitle "EXT 2007"]
[Source "ChessBase"]
[SourceDate "2006.11.23"]
[SourceVersion "1"]
[SourceVersionDate "2006.11.23"]
[SourceQuality "1"]

1. d4 d5 2. c4 Nf6 3. Nc3 e6 4. Bg5 Be7 5. cxd5 exd5 6. e3 0-0 7. Bd3 Bb4 8. Qc2 g6 9. a3 Be7 10. Nge2 Bd6 11. Nxd5 Nbd7 12. e4 c6 13. Nxf6+ Nxf6 14. e5 Qa5+ 15. Bd2 Qd8 16. exd6 Qxd6 17. Bb4 Qd8 18. Bxf8 Qxf8 19. 0-0 Be6 20. f4 Ng4 21. Rf3 f5 22. Bc4 Re8 23. h3 Nf6 24. Ng3 Qd6 25. Bxe6+ Qxe6 26. Raf1 Qd5 27. Qb3 Kg7 28. Qxd5 Nxd5 29. Kf2 Nb6 30. Re1 Rd8 31. Re7+ Kh6 32. Ne2 Rb8 33. g4 Nd5 34. g5+ 1-0

[Event "Hessen-ch Seniors op 02nd"]
[Site "Bad Sooden-Allendorf"]
[Date "2006.04.25"]
[Round "1"]
[White "Kempen, Willi"]
[Black "Wotschke, Claus"]
[Result "1-0"]
[WhiteElo "2037"]
[BlackElo "1412"]
[PlyCount "53"]
[EventDate "2006.04.25"]
[EventType "swiss"]
[EventRounds "9"]
[EventCountry "GER"]
[SourceTitle "EXT 2007"]
[Source "ChessBase"]
[SourceDate "2006.11.23"]
[SourceVersion "1"]
[SourceVersionDate "2006.11.23"]
[SourceQuality "1"]

1. e4 d6 2. d4 g6 3. f4 Bg7 4. Bd3 Nd7 5. Nf3 c5 6. c3 a6 7. a4 Qc7 8. e5 e6 9. Nbd2 d5 10. h4 Bh6 11. Nf1 Ne7 12. g4 b6 13. Ng3 Bb7 14. f5 Bxc1 15. Rxc1 Nf6 16. fxe6 fxe6 17. Ng5 Kd7 18. Qf3 Ne4 19. N3xe4 dxe4 20. Bxe4 Raf8 21. Qe2 Rf4 22. dxc5 Bxe4 23. Nxe4 Qxe5 24. Rd1+ Kc7 25. cxb6+ Kxb6 26. Qe3+ Kb7 27. Nd6+ 1-0

[Event "Hessen-ch Seniors op 01st"]
[Site "Bad Sooden-Allendorf"]
[Date "2005.04.30"]
[Round "9"]
[White "Wotschke, Claus"]
[Black "Thormann, Werner"]
[Result "0-1"]
[WhiteElo "1532"]
[BlackElo "1720"]
[PlyCount "102"]
[EventDate "2005.04.22"]
[EventType "swiss"]
[EventRounds "9"]
[EventCountry "GER"]
[SourceTitle "EXT 2007"]
[Source "ChessBase"]
[SourceDate "2006.11.23"]
[SourceVersion "1"]
[SourceVersionDate "2006.11.23"]
[SourceQuality "1"]

1. d4 d5 2. e3 Bf5 3. Bd3 e6 4. Nf3 Nf6 5. Bxf5 exf5 6. Nbd2 Bd6 7. c3 Nbd7 8. Nf1 Qe7 9. h3 Ne4 10. Qb3 Nb6 11. a4 c6 12. N1d2 Qc7 13. a5 Nd7 14. Ra4 0-0 15. c4 b5 16. axb6 axb6 17. cxd5 cxd5 18. 0-0 Rab8 19. Qxd5 b5 20. Ra1 Nxd2 21. Bxd2 g6 22. Rfc1 Nf6 23. Rxc7 Nxd5 24. Rd7 Rbd8 25. Raa7 Nf6 26. Rxd8 Rxd8 27. Ba5 Rc8 28. g3 Rc1+ 29. Kg2 Ne4 30. Ne1 b4 31. Nd3 Rc2 32. Rb7 Rd2 33. Bxb4 Rxd3 34. f3 Rb3 35. fxe4 Rxb2+ 36. Kf3 fxe4+ 37. Kxe4 Rxb4 38. Rd7 Bxg3 39. Kf3 Bh4 40. Kg4 Bf6 41. Rd6 h5+ 42. Kf3 Kg7 43. Rd5 g5 44. Ke4 Rb6 45. Rf5 Kg6 46. Rf1 Re6+ 47. Kd3 Rd6 48. Ke4 Bg7 49. Rg1 f5+ 50. Kd3 h4 51. Rf1 f4 0-1

[Event "Hessen-ch Seniors op 01st"]
[Site "Bad Sooden-Allendorf"]
[Date "2005.04.28"]
[Round "7"]
[White "Wotschke, Claus"]
[Black "Polk, Maria"]
[Result "1-0"]
[WhiteElo "1532"]
[BlackElo "1239"]
[PlyCount "99"]
[EventDate "2005.04.22"]
[EventType "swiss"]
[EventRounds "9"]
[EventCountry "GER"]
[SourceTitle "EXT 2007"]
[Source "ChessBase"]
[SourceDate "2006.11.23"]
[SourceVersion "1"]
[SourceVersionDate "2006.11.23"]
[SourceQuality "1"]

1. d4 e6 2. e4 c5 3. c3 Nf6 4. Bd3 d5 5. e5 Nfd7 6. Nf3 c4 7. Bc2 Nc6 8. Bf4 Be7 9. Nbd2 f5 10. exf6 Nxf6 11. 0-0 0-0 12. Re1 Nh5 13. Be5 Nxe5 14. Nxe5 Nf6 15. Re3 Qe8 16. Nf1 Bd7 17. Ng3 h6 18. Qe2 Nh7 19. Bg6 Qc8 20. Nxd7 Qxd7 21. Rxe6 Rf6 22. Bxh7+ Kxh7 23. Rxe7 Qc6 24. Re1 Rff8 25. h4 Qf6 26. h5 Kg8 27. Qe6+ Qxe6 28. R1xe6 b6 29. Re5 Rad8 30. Nf5 Rf7 31. Rxf7 Kxf7 32. f4 g6 33. hxg6+ Kxg6 34. Nh4+ Kf6 35. Kf2 Rg8 36. Kf3 Rg7 37. g4 Rh7 38. Rxd5 Ke6 39. Re5+ Kf6 40. d5 Rd7 41. Ke4 Rg7 42. g5+ hxg5 43. fxg5+ Rxg5 44. Rxg5 Kxg5 45. d6 Kf6 46. Kd5 a6 47. Kc6 Ke6 48. Nf3 b5 49. Nd4+ Kf7 50. Kc7 1-0

[Event "Hessen-ch Seniors op 01st"]
[Site "Bad Sooden-Allendorf"]
[Date "2005.04.27"]
[Round "6"]
[White "Bode, Heinz"]
[Black "Wotschke, Claus"]
[Result "1/2-1/2"]
[WhiteElo "1574"]
[BlackElo "1532"]
[PlyCount "30"]
[EventDate "2005.04.22"]
[EventType "swiss"]
[EventRounds "9"]
[EventCountry "GER"]
[SourceTitle "EXT 2007"]
[Source "ChessBase"]
[SourceDate "2006.11.23"]
[SourceVersion "1"]
[SourceVersionDate "2006.11.23"]
[SourceQuality "1"]

1. d4 g6 2. e4 d6 3. Nf3 Bg7 4. Bc4 Nf6 5. Nc3 0-0 6. 0-0 Bg4 7. h3 Bxf3 8. Qxf3 Nbd7 9. Be3 e5 10. Rad1 a6 11. a4 Kh8 12. Rfe1 Ng8 13. Qg3 Ne7 14. h4 f5 15. f4 fxe4 1/2-1/2

[Event "Hessen-ch Seniors op 01st"]
[Site "Bad Sooden-Allendorf"]
[Date "2005.04.25"]
[Round "4"]
[White "Wieprecht, Gerhard"]
[Black "Wotschke, Claus"]
[Result "1-0"]
[WhiteElo "1709"]
[BlackElo "1532"]
[PlyCount "124"]
[EventDate "2005.04.22"]
[EventType "swiss"]
[EventRounds "9"]
[EventCountry "GER"]
[SourceTitle "EXT 2007"]
[Source "ChessBase"]
[SourceDate "2006.11.23"]
[SourceVersion "1"]
[SourceVersionDate "2006.11.23"]
[SourceQuality "1"]

1. e4 d6 2. d4 Nf6 3. Nc3 g6 4. Nf3 Bg7 5. Be2 Nbd7 6. 0-0 0-0 7. h3 Re8 8. Bc4 c6 9. e5 dxe5 10. dxe5 Nd5 11. Nxd5 cxd5 12. Bxd5 e6 13. Bb3 Nxe5 14. Nxe5 Bxe5 15. Qe2 Bg7 16. c3 Qc7 17. Be3 b6 18. Rad1 Bb7 19. Rd2 Rad8 20. Rxd8 Rxd8 21. Bg5 Qc6 22. f3 Rc8 23. Rd1 h6 24. Be3 Kh7 25. Qd2 Rc7 26. Qd8 Rc8 27. Qh4 Rc7 28. Ba4 b5 29. Bc2 a5 30. Be4 Qc4 31. Rd4 Qe2 32. Bf2 Bxd4 33. Bxd4 Bxe4 34. Qf6 Qd1+ 35. Kh2 Qxd4 36. Qxd4 Bd5 37. Qb6 Rc8 38. Qxa5 Ra8 39. Qb4 Rxa2 40. Qxb5 Kg7 41. c4 Ba8 42. Qb3 Ra7 43. Qc3+ Kh7 44. b4 Rc7 45. c5 Bd5 46. b5 Rb7 47. c6 Rxb5 48. c7 Bb7 49. c8Q Bxc8 50. Qxc8 Rd5 51. Kg3 Rf5 52. Kf2 g5 53. g4 Rf4 54. Qc7 Kg8 55. h4 Kh7 56. hxg5 hxg5 57. Qd8 Kg6 58. Qg8+ Kh6 59. Qh8+ Kg6 60. Qh5+ Kf6 61. Qh6+ Ke7 62. Qxg5+ Rf6 1-0